Lanean...

Alternative Computers

Xehetasun bibliografikoak
Egile nagusia: Time-Life Books (Editors)
Hizkuntza:English
Argitaratua: Alexandria Time-Life Books
LEADER 00290nam a22001097a 4500
005 20151028162411.0
008 100605t xxu||||| |||| 00| 0 eng d
100 |a Time-Life Books  |e Editors  |9 27963 
245 |a Alternative Computers 
942 |c CRF  |6 _ 
260 |a Alexandria  |b Time-Life Books 
999 |c 81639  |d 81639